Pokrok deset důvodů, proč se těšit na budoucnost

Guardado en:
Detalles Bibliográficos
Autor principal: Norberg, Johan
Formato: Libro
Lenguaje:checo
Publicado: Praha Liberální institut 2018
Materias:
Etiquetas: Agregar Etiqueta
Sin Etiquetas, Sea el primero en etiquetar este registro!

MARC

LEADER 00000nam a2200000 4500
001 0252867
005 20230109072758.1
020 |a 978-80-86389-63-9 
041 0 |a cze 
044 |a CZ 
245 1 0 |a Pokrok  |b deset důvodů, proč se těšit na budoucnost  |c Johan Norberg 
264 1 |a Praha  |b Liberální institut  |c 2018 
300 |a 209 s. 
610 2 0 |a spoločnosť 
610 2 0 |a vývoj 
610 2 0 |a dejiny 
610 2 0 |a štýl životný 
610 2 0 |a úroveň životná 
610 2 0 |a prostredie životné 
610 2 0 |a hygiena 
610 2 0 |a potraviny 
610 2 0 |a zdravie 
610 2 0 |a zvyklosti kultúrne 
610 2 0 |a situácia hospodárska 
610 2 0 |a situácia politická 
610 2 0 |a situácia sociálna 
610 2 0 |a pokrok vedeckotechnický 
610 2 0 |a procesy sociálno-ekonomické 
610 2 0 |a prognózy 
610 2 0 |a civilizácia 
100 1 |a Norberg, Johan